Asomar prasongare uttar-pub bharator rajniti (Record no. 6145)
[ view plain ]
| 000 -LEADER | |
|---|---|
| fixed length control field | 00589cam a2200229ua 4500 |
| 008 - FIXED-LENGTH DATA ELEMENTS--GENERAL INFORMATION | |
| fixed length control field | 150128n ii |||gr||||Z||||||asm |
| 020 ## - INTERNATIONAL STANDARD BOOK NUMBER | |
| International Standard Book Number | 9789381784396 |
| 040 ## - CATALOGING SOURCE | |
| Transcribing agency | MAIN |
| 041 ## - LANGUAGE CODE | |
| -- | asm |
| 082 ## - DEWEY DECIMAL CLASSIFICATION NUMBER | |
| Classification number | 320.954162 |
| 100 ## - MAIN ENTRY--PERSONAL NAME | |
| Personal name | Gohain, N., |
| Relator term | |
| 245 ## - TITLE STATEMENT | |
| Title | Asomar prasongare uttar-pub bharator rajniti |
| Statement of responsibility, etc. | By Nabin Gohain |
| 250 ## - EDITION STATEMENT | |
| Edition statement | 2nd rev. |
| 260 ## - PUBLICATION, DISTRIBUTION, ETC. | |
| Place of publication, distribution, etc. | Jorhat: |
| Name of publisher, distributor, etc. | Bidya bhawan, |
| Date of publication, distribution, etc. | 2014. |
| 300 ## - PHYSICAL DESCRIPTION | |
| Extent | 304p. |
| 700 ## - ADDED ENTRY--PERSONAL NAME | |
| Personal name | Gogoi, T., |
| Relator term | |
| 700 ## - ADDED ENTRY--PERSONAL NAME | |
| Personal name | Hazarika, K., |
| Relator term | |
| 700 ## - ADDED ENTRY--PERSONAL NAME | |
| Personal name | Nath, V.M., |
| Relator term | |
| 942 ## - ADDED ENTRY ELEMENTS (KOHA) | |
| Koha item type | Books |
| 653 ## - INDEX TERM--UNCONTROLLED | |
| Uncontrolled term | Assam politics |
| Withdrawn status | Lost status | Damaged status | Not for loan | Home library | Current library | Shelving location | Date acquired | Total Checkouts | Full call number | Barcode | Date last seen | Date last checked out | Copy number | Price effective from | Koha item type | Date due |
|---|---|---|---|---|---|---|---|---|---|---|---|---|---|---|---|---|
| Central Library, Naharkatiya College | Central Library, Naharkatiya College | General Stacks | 19/09/2020 | 6 | 320.954162 | GOH | 22389 | 07/08/2025 | 25/09/2024 | 1 | 19/09/2020 | Books | |||||
| Central Library, Naharkatiya College | Central Library, Naharkatiya College | General Stacks | 19/09/2020 | 8 | 320.954162 | GOH | 22390 | 03/11/2023 | 03/11/2023 | 2 | 19/09/2020 | Books | 18/11/2023 |
